2015/16 Serie A Table in Order Quiz Stats

 Plays Quiz not verified by Sporcle

Challenge
Share
Tweet
Embed
Score 0/20 Timer 05:00
0 Plays Today
# Team % Correct
1Juventus
100%
2Napoli
96.7%
3Roma
96%
4Internazionale
94%
5Fiorentina
90%
7Milan
82.7%
6Sassuolo
78%
8Lazio
77.3%
9Chievo
66%
11Genoa
63.3%
# Team % Correct
12Torino
62.7%
17Udinese
62%
20Hellas Verona
60%
15Sampdoria
59.3%
16Palermo
58%
13Atalanta
57.3%
19Frosinone
54.7%
14Bologna
54%
10Empoli
53.3%
18Carpi
53.3%

You're not logged in!

Compare scores with friends on all Sporcle quizzes.
Join for Free
OR
Log In

You Might Also Like...

Show Comments

Extras

Top Quizzes Today


Score Distribution

Your Account Isn't Verified!

In order to create a playlist on Sporcle, you need to verify the email address you used during registration. Go to your Sporcle Settings to finish the process.

Report this User

Report this user for behavior that violates our Community Guidelines.

Details: